Inexistencias y nulidades en materia penal / (Registro nro. 4695)

Detalles MARC
000 -LEADER
fixed length control field 00893nam a2200253Ia 4500
003 - CONTROL NUMBER IDENTIFIER
control field OSt
005 - DATE AND TIME OF LATEST TRANSACTION
control field 20200814172948.0
008 - FIXED-LENGTH DATA ELEMENTS--GENERAL INFORMATION
fixed length control field 191128s2002 ck gr 000 0 spa d
020 ## - INTERNATIONAL STANDARD BOOK NUMBER
International Standard Book Number 9588059208
040 ## - CATALOGING SOURCE
Original cataloging agency CO-JMCR
Transcribing agency CO-JMCR
041 0# - LANGUAGE CODE
Language code of text/sound track or separate title spa
082 04 - DEWEY DECIMAL CLASSIFICATION NUMBER
Classification number 345 /
Item number S164i
Edition number 23
100 1# - MAIN ENTRY--PERSONAL NAME
Personal name Salgado Quintero, Jairo,
Relator term autor
9 (RLIN) 8811
245 10 - TITLE STATEMENT
Title Inexistencias y nulidades en materia penal /
Statement of responsibility, etc. Jairo Salgado Quintero
260 ## - PUBLICATION, DISTRIBUTION, ETC.
Place of publication, distribution, etc. Bogotá :
Name of publisher, distributor, etc. Procuraduría General de la Nación : Instituto de Estudios del Ministerio Público,
Date of publication, distribution, etc. 2002
300 ## - PHYSICAL DESCRIPTION
Extent 92 páginas ;
Dimensions 17 cm.
490 0# - SERIES STATEMENT
Series statement Pensamiento jurídico ;
Volume/sequential designation 6
500 ## - GENERAL NOTE
General note Incluye notas a pie de página.
504 ## - BIBLIOGRAPHY, ETC. NOTE
Bibliography, etc. note Bibliografía: páginas 91-92
505 0# - FORMATTED CONTENTS NOTE
Formatted contents note Inexistencias y nulidades en materia penal
650 14 - SUBJECT ADDED ENTRY--TOPICAL TERM
Topical term or geographic name entry element Nulidad (Procedimiento penal)
Geographic subdivision Colombia
9 (RLIN) 8812
650 14 - SUBJECT ADDED ENTRY--TOPICAL TERM
Topical term or geographic name entry element Derecho penal
Geographic subdivision Colombia
9 (RLIN) 8555
942 ## - ADDED ENTRY ELEMENTS (KOHA)
Source of classification or shelving scheme Dewey Decimal Classification
Koha item type Books
Existencias
Withdrawn status Lost status Source of classification or shelving scheme Damaged status Not for loan Collection code Home library Current library Date acquired Source of acquisition Full call number Barcode Date last seen Copy number Koha item type
    Dewey Decimal Classification     Non-fiction Biblioteca Pública José María del Castillo y Rada Biblioteca Pública José María del Castillo y Rada 12/01/2017 Donación 345 / S164i 230002342 05/16/2024 Ej.1 Books